Statistics for Orlando Bloom Filmography

Click here to take the quiz!

General Stats

  • This quiz has been taken 35 times
    (11 since last reset)
  • The average score is 17 of 52

Answer Stats

Type Year Name % Correct
Film2003The Lord of the Rings: The Return of the King
100%
Film2001The Lord of the Rings: The Fellowship of the Ring
100%
Film2002The Lord of the Rings: The Two Towers
100%
Film2006Pirates of the Caribbean: Dead Man's Chest
100%
Film2003Pirates of the Caribbean: The Curse of the Black Pearl
100%
Film2007Pirates of the Caribbean: At World's End
88%
Film2017Pirates of the Caribbean: Dead Men Tell No Tales
88%
Film2013The Hobbit: The Desolation of Smaug
75%
Film2005Elizabethtown
75%
Film2011The Three Musketeers
63%
Web Series2019-PresentCarnival Row
50%
Film2005Kingdom of Heaven
50%
Film2004Troy
50%
Film2004The Calcium Kid
38%
Film2014The Hobbit: The Battle of the Five Armies
38%
Film2011The Good Doctor
25%
Film2017S.M.A.R.T. Chase
13%
Theater2018Killer Joe
13%
Film2017Unlocked
13%
Film2013The Bling Ring
13%
Video Game2016Disney Magic Kingdoms
13%
TV Show2016Easy
13%
Video Game2015Lego Dimensions
13%
Film2015Digging for Fire
13%
Video Game2014Lego The Hobbit
13%
TV Film2017Tour de Pharmacy
13%
TV Show2017Stairway to Stardom
13%
Theater2013Romeo and Juliet
13%
Film2020The Outpost
13%
FilmTBANeedle in a Timestack
13%
Film2013Zulu
13%
TV Documentary2006The Armenian Genocide
13%
TV Show2000Midsomer Murders
13%
Film2001Black Hawk Down
13%
Film2003Ned Kelly
13%
Film2004Haven
13%
Video Game2004The Lord of the Rings: The Third Age
13%
Film2006Love and Other Disasters
13%
TV Show2006Extras
13%
Video Game2012Lego The Lord of the Rings
13%
Documentary2007Everest: A Climb for Peace
13%
Film2008New York, I Love You
13%
Film2010Sympathy for Delicious
13%
Film2010Main Street
13%
Film1997Wilde
13%
Short Film2011Fight for Your Right Revisited
13%
TV Show2011LA Phil Live
13%
Film2017Romans
0%
TV Show1994-1996CASUAL+Y
0%

Score Distribution

Percentile by Number Answered

Percent of People with Each Score

Your Score History

You have not taken this quiz since the last reset